000 00688nam a22002417a 4500
005 20170124110229.0
010 _aA-140451
020 _c75.00
035 _aA-140451
037 _bCen Lib/Ret
040 _aDPL
_bEN
082 _a342.54
_bTOP
100 _aTope, T.K.
_941125
245 _aConstitutional law of inda /
_cby T.K. Tope
246 _b
260 _bEastern Book Company
_aLucknow
_c1982
270 _bLucknow
_a34, lalabagh
_e226001
300 _axxxv, 781p.
_c23cm(Hb)
500 _aIncludes bibliographical references and index
650 _aLaw
_9104
650 _aConstitution Law
_zIndia
_941126
942 _2ddc
_cEN
_h342.54
_mTOP
999 _c134572
_d134572